Catálogo
 En Linea

Un abrazo que une a dos pueblos : (Registro nro. 43750)

Detalles MARC
000 -CABECERA
campo de control de longitud fija 00555nam a2200157 a 4500
001 - NÚMERO DE CONTROL
campo de control 000044261
005 - FECHA Y HORA DE LA ÚLTIMA TRANSACCIÓN
campo de control 20240422104515.0
008 - DATOS DE LONGITUD FIJA--INFORMACIÓN GENERAL
campo de control de longitud fija 140611s2003 dr 000 0 spa d
040 ## - FUENTE DE LA CATALOGACIÓN
Centro catalogador/agencia de origen DO-SdBNP
Lengua de catalogación spa
Centro/agencia transcriptor BNPHU
100 1# - ENTRADA PRINCIPAL--NOMBRE DE PERSONA
Nombre de persona Baeza Flores, Alberto,
Fechas asociadas al nombre 1914-1998
9 (RLIN) 7565
245 13 - MENCIÓN DE TÍTULO
Título Un abrazo que une a dos pueblos :
Resto del título Máximo Gómez y José Martí /
Mención de responsabilidad, etc. Alberto Baeza Flores.
260 ## - PUBLICACIÓN, DISTRIBUCIÓN, ETC.
Lugar de publicación, distribución, etc. Santo Domingo :
Nombre del editor, distribuidor, etc. Educarte,
Fecha de publicación, distribución, etc. 2003.
300 ## - DESCRIPCIÓN FÍSICA
Extensión 24 p. ;
Dimensiones 21 cm.
490 1# - MENCIÓN DE SERIE
Mención de serie Cuadernos educativos y culturales
Designación de volumen o secuencia 19
830 #0 - PUNTO DE ACCESO ADICIONAL DE SERIE-TÍTULO UNIFORME
Título uniforme Cuadernos educativos y culturales
Designación de volumen o secuencia 19
9 (RLIN) 55465
Existencias
Estado de retiro Estado de pérdida Restricciones de uso No para préstamo Código de colección Localización permanente Ubicación/localización actual Ubicación en estantería Fecha de adquisición Número de inventario Total de préstamos Signatura topográfica completa Código de barras Fecha visto por última vez Número de copia Precio válido a partir de Tipo de ítem Koha
        Dominicana de Servicio General General Depósito 11.06.2014 LF1   44261-30 25.06.2020 e. 3 25.06.2020 Libro y Folleto Colección Dominicana de Servicio
        Dominicana de Servicio General General Depósito 11.06.2014 LF1   44261-40 25.06.2020 e. 4 25.06.2020 Libro y Folleto Colección Dominicana de Servicio
        Dominicana de Servicio General General Depósito 14.05.2015 LF1   44261-50 25.06.2020 e. 5 25.06.2020 Libro y Folleto Colección Dominicana de Servicio
      Excluido de préstamo Patrimonio Dominicano Patrimonio Dominicano Patrimonio Dominicano Depósito 11.06.2014 LF1   44261-10 25.06.2020   25.06.2020 Libro y Folleto Colección Patrimonio Dominicano
      Excluido de préstamo Patrimonio Dominicano Patrimonio Dominicano Patrimonio Dominicano Depósito 11.06.2014 LF1   44261-20 25.06.2020 e. 2 25.06.2020 Libro y Folleto Colección Patrimonio Dominicano

Con tecnología Koha